Mechanised sprinkler irrigation / (Record no. 4892)
[ view plain ]
| 000 -LEADER | |
|---|---|
| fixed length control field | 00410cam a2200157ua 4500 |
| 020 ## - INTERNATIONAL STANDARD BOOK NUMBER | |
| ISBN | 92 5 100997 x |
| 041 ## - LANGUAGE CODE | |
| Language code of text/sound track or separate title | eng |
| 082 ## - DEWEY DECIMAL CLASSIFICATION NUMBER | |
| Classification number | 631.5873 |
| Item number | YOL/ME |
| 100 ## - MAIN ENTRY--AUTHOR NAME | |
| Personal name | Yolland, Linel . |
| 245 ## - TITLE STATEMENT | |
| Title | Mechanised sprinkler irrigation / |
| 260 ## - PUBLICATION, DISTRIBUTION, ETC. (IMPRINT) | |
| Place of publication | : |
| Name of publisher | Food and agriculture organisation , |
| Year of publication | 1982. |
| 300 ## - PHYSICAL DESCRIPTION | |
| Number of Pages | 409 ; . |
| 942 ## - ADDED ENTRY ELEMENTS (KOHA) | |
| Koha item type | Books |
| Withdrawn status | Lost status | Damaged status | Home library | Current library | Date acquired | Full call number | Accession Number | Koha item type |
|---|---|---|---|---|---|---|---|---|
| KAUAET | 07/04/2012 | 631.5873 | 18663 | Books |
